| 000 | 00713cab a2200241 4500 | ||
|---|---|---|---|
| 001 | WB3507-05 | ||
| 008 | 090401t1999 xxu||||| |||| 00| 0 eng d | ||
| 035 | _a(Sirsi) u91376 | ||
| 041 | _aeng | ||
| 245 | _aImpact of Latham doubted | ||
| 260 | _c1999 | ||
| 350 | _a0 | ||
| 490 |
_aBuilding _v264(8074) 12 February 1999, 9(1) |
||
| 520 | _aA survey of Britain`s top contractors shows that they are unimpressed by the government`s attempt to improve the construction industry. Table. | ||
| 650 | _aLATHAM REFORMS | ||
| 650 | _aCONSTRUCTION INDUSTRY | ||
| 650 | _aCONTRACTORS | ||
| 650 | _aLATHAM REFORMS | ||
| 650 | _aPARTNERING | ||
| 690 | _aBUILT ENVIRONMENT | ||
| 942 | _n0 | ||
| 948 | _c17/02/1999 | ||
| 999 |
_c57999 _d57999 |
||